00642nam a2200205 i 450000100060000000300090000600500170001500700030003200800410003502000180007608000130009410000290010724500810013626000480021730000390026549000450030465000240034983000420037385200210041510413ES-MaACL20250821074831.0t|950608s1976 sp ||||1| spa d a84-220-0781-5 a27-549.31 aSayés, José Antonio.13aLa presencia real de Cristo en la Eucaristía / cpor José Antonio Sayes. aMadrid : bLa Editorial Católica, c1976. aXIV, 1 h., 316 p., 1 h. ; c20 cm.1 aBiblioteca de autores cristianos ; v38607aEucaristía2embne00aBiblioteca de autores cristianosv386 aES-MaACLjJ-379